00331nam a2200121Ia 4500008004100000041000800041082001400049100002100063245004400084260004200128300003000170365000900200240624s9999 xx 000 0 und d aeng a332.6 KIE aKLEINTOP JEFFREY aMARKET EVOLUTION HOW TO PROFIT IN TODAY c2006aNew JerseybJohn Wiley and Sons aix, : 214 : p. : cm. ; 23 cb28